Complex analysis : an introduction to the theory of analytic functions of one complex variable

Αποθηκεύτηκε σε:
Λεπτομέρειες βιβλιογραφικής εγγραφής
Κύριος συγγραφέας: Ahlfors, Lars V. (Lars Valerian) 1907-1996
Μορφή: Βιβλίο
Γλώσσα:English
Δημοσίευση: New York : McGraw-Hill, c1979
Έκδοση:3d ed.
Σειρά:International series in pure and applied mathematics
Θέματα:
Ετικέτες: Προσθήκη ετικέτας
Δεν υπάρχουν, Καταχωρήστε ετικέτα πρώτοι!

MARC

LEADER 00000cam a2200000 i 4500
001 1/58108
008 941103s19791985 eng d
020 |a 0070006571  |c $18.50 
035 |l 10045852 
035 |a 1987 
035 |a 1992  |c ΒΙΒΛΙΟΘΗΚΗ 
040 |a GR-MY-UA  |b gre  |e aacr 
041 0 |a eng 
082 0 |a 515.93 
100 1 |a Ahlfors, Lars V.   |q (Lars Valerian)   |d 1907-1996. 
245 1 0 |a Complex analysis :  |b an introduction to the theory of analytic functions of one complex variable /  |c Lars V. Ahlfors 
250 |a 3d ed. 
260 |a New York :   |b McGraw-Hill,   |c c1979 
300 |a xiv, 331 p.;  |b ill.;  |c 24 cm. 
490 1 |a International series in pure and applied mathematics 
500 |a Includes index 
650 0 0 |a Analytic functions. 
830 0 |a International series in pure and applied mathematics 
852 |a INST  |b SAMOS  |e 19941103  |h 515.93 AHL  |p 005300001266  |q 005300001266  |t BK  |y 0 
852 |a INST  |b SAMOS  |e 19951201  |h 515.93 AHL  |p 005300003383  |q 005300003383  |t BK  |y 0 
852 |a INST  |b SAMOS  |e 19980612  |h 515.93 AHL  |p 005300011277  |q 005300011277  |t BK  |y 23 
852 |a INST  |b SAMOS  |e 19980612  |h 515.93 AHL  |p 005300011278  |q 005300011278  |t BK  |y 0 
901 |a BIBL-1998-2 
909 |a Σ  |b 008397 
909 |a Σ  |b 024068 
909 |a Σ  |b 056683 
909 |a Σ  |b 056684 
922 |a 3ΕΛΗ  |b 199805  |c ΚΠΣ  |d ΠΑΠΑΣΩΤΗΡΙΟΥ